[Event "II Festival A"]
[Site "Fano ITA"]
[Date "2013.07.30"]
[Round "2"]
[White "Klimentov, Roman"]
[Black "Stella, Andrea"]
[WhiteElo "2219"]
[BlackElo "2447"]
[Result "0-1"]
[PlyCount "88"]
[EventDate "2013.07.29"]

1. e4 e6 2. d4 d5 3. Nc3 Nf6 4. Bg5 Bb4 5. e5 h6 6. Bd2 Bxc3 7. bxc3 Ne4 8. Qg4
Kf8 9. Bd3 Nxd2 10. Kxd2 c5 11. h4 Nc6 12. Rh3 c4 13. Be2 b5 14. Qf4 Bd7 15.
Bh5 Be8 16. Rf3 Qe7 17. a3 a5 18. Ne2 Ra7 19. g3 Kg8 20. Ke1 Kh7 21. Kf1 Rf8
22. Qe3 b4 23. axb4 axb4 24. Rxa7 Qxa7 25. cxb4 Qa1+ 26. Kg2 Nxb4 27. Qd2 Qb1
28. Rb3 cxb3 29. Qxb4 Kg8 30. cxb3 Qf5 31. Bf3 f6 32. g4 Qg6 33. Nf4 Qf7 34.
Nd3 f5 35. g5 hxg5 36. hxg5 Qg6 37. Qe7 f4 38. Nc5 Bf7 39. b4 Re8 40. Qd7 Qxg5+
41. Kh1 Qf5 42. b5 Ra8 43. Na6 g5 44. b6 g4 0-1

[Event "II Festival A"]
[Site "Fano ITA"]
[Date "2013.07.30"]
[Round "2"]
[White "Lantini, Marco"]
[Black "Simonetto, Adriano"]
[WhiteElo "2119"]
[BlackElo "2026"]
[Result "0-1"]
[PlyCount "66"]
[EventDate "2013.07.29"]

1. d4 d5 2. c4 e6 3. Nc3 c6 4. e3 Nd7 5. b3 Ngf6 6. Bd3 e5 7. Nge2 e4 8. Bc2
Bd6 9. cxd5 cxd5 10. O-O a6 11. Nf4 Nb6 12. f3 Qc7 13. Bd2 exf3 14. Qxf3 Bg4
15. Qg3 g5 16. h3 gxf4 17. exf4 Be6 18. Qg7 Ke7 19. f5 Rag8 20. Qh6 Bh2+ 21.
Kh1 Qg3 22. Rg1 Bxg1 23. Rxg1 Nbd7 24. Ne2 Qf2 25. Bb4+ Kd8 26. fxe6 fxe6 27.
Nf4 Qxc2 28. Nxe6+ Ke8 29. Nc5 Rg6 30. Qf4 Nxc5 31. Qb8+ Kf7 32. Qd6 Re8 33.
Bxc5 Kg8 0-1

[Event "II Festival A"]
[Site "Fano ITA"]
[Date "2014.07.30"]
[Round "2"]
[White "Lavorgna, Giovanni"]
[Black "Di Primio, Eugenia"]
[WhiteElo "2060"]
[BlackElo "1943"]
[Result "0-1"]
[PlyCount "72"]
[EventDate "2013.07.29"]

1. e4 e5 2. Nf3 Nc6 3. Bb5 a6 4. Ba4 Nf6 5. d3 b5 6. Bb3 Be7 7. O-O O-O 8. Re1
d6 9. c3 Na5 10. Bc2 c5 11. Nbd2 Qc7 12. Nf1 h6 13. Ng3 Re8 14. Nh4 Bf8 15.
Nhf5 Kh7 16. Qf3 Ng8 17. Bd2 Be6 18. Rec1 g6 19. Ne3 Bg7 20. h4 Ne7 21. h5 Rf8
22. Ng4 f5 23. hxg6+ Nxg6 24. exf5 Nh4 25. Qe2 Nxf5 26. d4 Kh8 27. Nxf5 Bxf5
28. Bxf5 Rxf5 29. Nxh6 Bxh6 30. Bxh6 Qh7 31. Qe4 Rg8 32. Be3 d5 33. Qc2 Qh3 34.
f3 Qxf3 35. Re1 Nc4 36. Qf2 Qh3 0-1

[Event "II Festival A"]
[Site "Fano ITA"]
[Date "2013.07.30"]
[Round "2"]
[White "Persson, Andreas"]
[Black "Rebeggiani, Andrea"]
[WhiteElo "2167"]
[BlackElo "1910"]
[Result "1/2-1/2"]
[PlyCount "89"]
[EventDate "2013.07.29"]

1. e4 g6 2. d4 c6 3. Nc3 Bg7 4. f4 d5 5. e5 Nh6 6. Nf3 O-O 7. Be3 Qb6 8. Na4
Qa5+ 9. Qd2 Qxa4 10. a3 b5 11. h3 Bf5 12. b3 Qa6 13. Rg1 Be4 14. Ng5 Nf5 15.
Bf2 e6 16. g4 Ne7 17. h4 Qc8 18. h5 f6 19. exf6 Bxf6 20. O-O-O Bxg5 21. fxg5
Nd7 22. Bg3 Nb6 23. Qh2 Qd7 24. Be5 Rf7 25. Bd3 Raf8 26. Bf6 Nbc8 27. Rg3 Qd6
28. Kb2 Rxf6 29. gxf6 Rxf6 30. Qh4 Rf7 31. Rh3 Bxd3 32. Rdxd3 Qf4 33. hxg6 Nxg6
34. Qd8+ Rf8 35. Qd7 Qf7 36. Qxc6 Nf4 37. Rdf3 Qf6 38. c3 Qg5 39. Rh2 Ne7 40.
Qxb5 Neg6 41. Qd7 Rf7 42. Qe8+ Rf8 43. Qd7 Rf7 44. Qe8+ Rf8 45. Qd7 1/2-1/2

[Event "II Festival A"]
[Site "Fano ITA"]
[Date "2013.07.30"]
[Round "2"]
[White "Petrone, Gianmario"]
[Black "Rago, Riccardo"]
[WhiteElo "1993"]
[BlackElo "2084"]
[Result "0-1"]
[PlyCount "82"]
[EventDate "2013.07.29"]

1. e4 c5 2. Nf3 Nc6 3. c3 e6 4. d4 cxd4 5. cxd4 d5 6. e5 Nge7 7. Bd3 Nf5 8. Be3
Be7 9. O-O O-O 10. Nc3 g6 11. Qd2 Ng7 12. Ne2 Bd7 13. a3 Na5 14. Qd1 Rc8 15. b4
Nc4 16. Qb3 b5 17. Bb1 f6 18. exf6 Bxf6 19. Nc1 Nf5 20. Bxf5 exf5 21. Nd3 Re8
22. Nde5 Be6 23. Nd3 Bf7 24. Rfe1 g5 25. g3 g4 26. Nh4 Bxh4 27. gxh4 Nxe3 28.
Rxe3 Rxe3 29. fxe3 Qxh4 30. Ra2 Kh8 31. Rg2 Qe7 32. Kf2 h5 33. Ne5 Kg7 34. Qd3
Qh4+ 35. Ke2 Be6 36. Qxb5 Rc1 37. Nd3 Rc2+ 38. Kf1 Rxg2 39. Kxg2 Qh3+ 40. Kf2
Qf3+ 41. Kg1 Qxe3+ 0-1

[Event "II Festival A"]
[Site "Fano ITA"]
[Date "2013.07.30"]
[Round "2"]
[White "Rindlisbacher, Lars"]
[Black "Burmakin, Vladimir"]
[WhiteElo "2315"]
[BlackElo "2559"]
[Result "0-1"]
[PlyCount "80"]
[EventDate "2013.07.29"]

1. d4 d5 2. c4 e6 3. Nf3 Nf6 4. e3 Be7 5. Bd3 O-O 6. O-O b6 7. b3 Bb7 8. Bb2 c5
9. dxc5 bxc5 10. Nbd2 a5 11. cxd5 exd5 12. Bb5 Qb6 13. Qe2 Ba6 14. Bxa6 Qxa6
15. Qxa6 Nxa6 16. Ne5 Rfc8 17. Rac1 a4 18. bxa4 c4 19. e4 Bb4 20. Bc3 Re8 21.
Bxb4 Nxb4 22. a3 Na2 23. Rc2 Rxe5 24. f4 Ree8 25. exd5 Re2 26. Rf2 Rxf2 27.
Kxf2 c3 28. Nf3 Rb8 29. Ke3 Nxd5+ 30. Kd4 Rb2 31. Rxb2 cxb2 32. Nd2 Nc7 33. Nb1
Kf8 34. Kc5 Ke7 35. Kc6 Kd8 36. Kb7 Nd5 37. a5 Nac3 38. Nd2 b1=Q+ 39. Nxb1 Nxb1
40. a6 Nxa3 0-1

[Event "II Festival A"]
[Site "Fano ITA"]
[Date "2013.07.30"]
[Round "2"]
[White "Rizzardi, Franco"]
[Black "Rezzuti, Vincenzo"]
[WhiteElo "2027"]
[BlackElo "1930"]
[Result "1/2-1/2"]
[PlyCount "89"]
[EventDate "2013.07.29"]

1. e4 e5 2. Nf3 Nc6 3. Bb5 a6 4. Ba4 d6 5. c3 f5 6. d3 Nf6 7. Nbd2 Be7 8. O-O
O-O 9. Re1 Qe8 10. Ng5 fxe4 11. Ndxe4 Nxe4 12. dxe4 Qg6 13. Bb3+ Kh8 14. f4
exf4 15. Nf3 Ne5 16. Kh1 Bg4 17. Bc2 Qh5 18. Rf1 Rf6 19. Qe2 Raf8 20. Bd1 Rh6
21. Bd2 Bxf3 22. gxf3 Bh4 23. Rg1 Bg3 24. Rg2 Qh4 25. Kg1 Ng4 26. fxg4 f3 27.
Qxf3 Bxh2+ 28. Kf1 Rxf3+ 29. Bxf3 Rf6 30. Ke2 Qh3 31. Rf2 Qg3 32. Rh1 Bg1 33.
Rf1 Rxf3 34. Rhxg1 Qh2+ 35. Kxf3 Qxd2 36. Kg3 h6 37. Rg2 Qe3+ 38. Rf3 Qxe4 39.
Rgf2 Qe5+ 40. Kh3 h5 41. gxh5 Qxh5+ 42. Kg2 Qd5 43. a3 g6 44. Kg1 Kg7 45. Rg3
1/2-1/2

[Event "II Festival A"]
[Site "Fano ITA"]
[Date "2013.07.30"]
[Round "2"]
[White "Rombaldoni, Axel"]
[Black "Angelini, Marco"]
[WhiteElo "2494"]
[BlackElo "2265"]
[Result "1-0"]
[PlyCount "109"]
[EventDate "2013.07.29"]

1. e4 c5 2. Nf3 d6 3. d4 cxd4 4. Nxd4 Nf6 5. Nc3 Nc6 6. h3 g6 7. Nde2 Bg7 8. g3
O-O 9. Bg2 Rb8 10. a4 a6 11. O-O b5 12. axb5 axb5 13. Nd5 Nd7 14. Ra2 b4 15. b3
Nc5 16. Bb2 Bxb2 17. Rxb2 Ba6 18. Ra2 e6 19. Ne3 Qc7 20. Re1 Rfd8 21. Nd4 Ne7
22. Qg4 Bb7 23. Qh4 Kg7 24. Raa1 Ng8 25. Rad1 Qe7 26. Qg4 Nf6 27. Qg5 Kh8 28.
Ng4 Ng8 29. h4 h5 30. Nh6 Qf8 31. Nxg8 Kxg8 32. f4 Qg7 33. f5 Kh7 34. f6 Qf8
35. Qd2 Ba8 36. Nf3 Kg8 37. Ng5 Nd7 38. Qf4 Ne5 39. Bh3 Re8 40. Rd2 Rbc8 41.
Ra1 Rc3 42. Ra7 Bc6 43. Rf2 Bd7 44. Rb7 Rec8 45. Bxe6 Bxe6 46. Nxe6 fxe6 47.
Rg7+ Qxg7 48. fxg7 Kxg7 49. Qf6+ Kh6 50. Qg5+ Kh7 51. Qe7+ Kh6 52. Qxd6 Ng4 53.
Rf7 e5 54. Qe7 Rxg3+ 55. Kf1 1-0

[Event "II Festival A"]
[Site "Fano ITA"]
[Date "2013.07.30"]
[Round "2"]
[White "Rossi, Aldo A."]
[Black "Drazic, Sinisa"]
[WhiteElo "2260"]
[BlackElo "2464"]
[Result "1/2-1/2"]
[PlyCount "22"]
[EventDate "2013.07.29"]

1. e4 c5 2. Nf3 d6 3. d4 cxd4 4. Nxd4 Nf6 5. Nc3 g6 6. Be3 Bg7 7. f3 O-O 8. Qd2
Nc6 9. O-O-O Nxd4 10. Bxd4 Be6 11. Kb1 a6 1/2-1/2

[Event "II Festival A"]
[Site "Fano ITA"]
[Date "2013.07.30"]
[Round "2"]
[White "Shytaj, Luca"]
[Black "Brancaleoni, Maurizio"]
[WhiteElo "2456"]
[BlackElo "2248"]
[Result "1-0"]
[PlyCount "117"]
[EventDate "2013.07.29"]

1. e4 e6 2. Qe2 c5 3. Nf3 Nc6 4. g3 Be7 5. Bg2 d5 6. d3 Nf6 7. O-O O-O 8. e5
Nd7 9. h4 b5 10. Rd1 Nb6 11. Nbd2 b4 12. Nf1 f5 13. exf6 Bxf6 14. Rb1 e5 15.
N1h2 Bd7 16. Be3 Be7 17. Re1 Bd6 18. h5 h6 19. c3 bxc3 20. bxc3 Qc7 21. Nh4 d4
22. Bd2 dxc3 23. Bxc3 Rae8 24. Ng6 Nd4 25. Qd1 Rf7 26. Rc1 Qd8 27. Qd2 Qf6 28.
Be4 Bf5 29. Bxd4 cxd4 30. Bxf5 Qxf5 31. Rc6 Qd7 32. Qc2 Nd5 33. Qc4 Nb4 34.
Rxd6 Qxd6 35. Nh8 Kxh8 36. Qxf7 Rf8 37. Qc4 Nd5 38. Ng4 Re8 39. f4 Qb4 40. Qxb4
Nxb4 41. Nxe5 Kg8 42. Rc1 Nxa2 43. Ra1 Nc3 44. Rxa7 Nd5 45. Kg2 Nf6 46. g4 Nd5
47. Kf3 Rf8 48. Ng6 Rd8 49. Ne7+ Nxe7 50. Rxe7 Rd6 51. Ke4 g6 52. Ke5 Ra6 53.
Kxd4 Ra4+ 54. Ke3 g5 55. Re4 gxf4+ 56. Kxf4 Ra1 57. Re6 Rf1+ 58. Ke5 Rg1 59.
Rxh6 1-0

[Event "II Festival A"]
[Site "Fano ITA"]
[Date "2013.07.30"]
[Round "2"]
[White "Solodovnichenko, Yuri"]
[Black "Costantini, Roberto"]
[WhiteElo "2555"]
[BlackElo "2290"]
[Result "1-0"]
[PlyCount "117"]
[EventDate "2013.07.29"]

1. e4 c5 2. Nf3 d6 3. d4 cxd4 4. Nxd4 Nf6 5. Nc3 a6 6. Be3 e5 7. Nb3 Be6 8. Qd2
Nbd7 9. O-O-O Rc8 10. Kb1 Qc7 11. f4 b5 12. h3 Nb6 13. g4 Na4 14. Nxa4 bxa4 15.
Na1 Qb7 16. Qa5 Nxe4 17. Kc1 Rb8 18. Qxa4+ Bd7 19. Qb3 Qa8 20. Qd5 Bc6 21. Qa5
Ng3 22. Rg1 Nxf1 23. Rgxf1 Rb5 24. Qc3 Be7 25. a4 Rd5 26. fxe5 O-O 27. exd6
Bxd6 28. Rxd5 Bxd5 29. Rd1 Be7 30. Qe5 Be6 31. Bd4 Bf6 32. Qe3 Bd8 33. Nb3 h6
34. Kb1 Bg5 35. Qe5 Bf6 36. Qe2 Be7 37. Nc5 Bxc5 38. Bxc5 Re8 39. Qd3 Qc6 40.
Bd4 Qxa4 41. b3 Qc6 42. Bb2 Rc8 43. Re1 f6 44. Bxf6 Bf7 45. Bb2 Bg6 46. Qd4
Bxc2+ 47. Ka1 Rc7 48. g5 hxg5 49. Qd8+ Kh7 50. Qxg5 Bxb3 51. Qh4+ Kg8 52. Qd8+
Kh7 53. Qd3+ g6 54. Qxb3 Rb7 55. Qa3 Qd7 56. Qc3 g5 57. Qc2+ Kh6 58. h4 gxh4
59. Rg1 1-0

[Event "II Festival A"]
[Site "Fano ITA"]
[Date "2013.07.30"]
[Round "2"]
[White "Zakharov, Aleksej"]
[Black "Tonel, Giulia"]
[WhiteElo "2331"]
[BlackElo "1973"]
[Result "1-0"]
[PlyCount "79"]
[EventDate "2013.07.29"]

1. c4 Nf6 2. Nc3 g6 3. e4 d6 4. d4 Bg7 5. Nf3 O-O 6. Be2 e5 7. O-O Nc6 8. d5
Ne7 9. b4 a5 10. Ba3 axb4 11. Bxb4 Ne8 12. c5 f5 13. Ng5 fxe4 14. Bc4 Nf5 15.
Ne6 Bxe6 16. dxe6 Kh8 17. Nxe4 Nd4 18. cxd6 cxd6 19. Rb1 Ra7 20. Qd3 Rf4 21.
Bd5 Nc7 22. Bb3 d5 23. e7 Qd7 24. Nc3 e4 25. Qh3 Nf3+ 26. Kh1 Rh4 27. Qg3 Rxh2+
28. Qxh2 Nxh2 29. Kxh2 Ra8 30. Rfd1 Be5+ 31. Kg1 d4 32. Nxe4 Qf5 33. Nd6 Bxd6
34. Bxd6 Nb5 35. Bb4 Re8 36. Rbc1 Qf4 37. Ba4 Nc3 38. Rxc3 dxc3 39. Bxc3+ Kg8
40. Bb3+ 1-0

[Event "II Festival A"]
[Site "Fano ITA"]
[Date "2013.07.31"]
[Round "3"]
[White "Angelini, Marco"]
[Black "Cardarelli, Angelo"]
[WhiteElo "2265"]
[BlackElo "1980"]
[Result "1-0"]
[PlyCount "59"]
[EventDate "2013.07.29"]

1. e4 e6 2. Nf3 d5 3. Nc3 Nf6 4. e5 Nfd7 5. d4 c5 6. dxc5 Nc6 7. Bf4 Bxc5 8.
Bd3 f6 9. exf6 Nxf6 10. Qe2 O-O 11. Ne5 Nxe5 12. Bxe5 Ne4 13. Nxe4 dxe4 14.
Qxe4 Bxf2+ 15. Ke2 Qh4 16. Raf1 Bd7 17. Qxh4 Bxh4 18. Bd6 Rxf1 19. Rxf1 Bf6 20.
b3 Bc6 21. g3 Rd8 22. Bb4 Bd5 23. c4 Bc6 24. Bc5 b6 25. Be3 Rd7 26. a4 Bd4 27.
Bxd4 Rxd4 28. Ke3 Rd8 29. b4 Rf8 30. Bxh7+ 1-0

[Event "II Festival A"]
[Site "Fano ITA"]
[Date "2013.07.31"]
[Round "3"]
[White "Bonafede, Alessandro"]
[Black "Chierici, Marianna"]
[WhiteElo "2380"]
[BlackElo "2076"]
[Result "1-0"]
[PlyCount "45"]
[EventDate "2013.07.29"]

1. e4 c5 2. Nf3 d6 3. d4 cxd4 4. Qxd4 a6 5. Bc4 Nc6 6. Qd3 g6 7. Nc3 Bg7 8. Bb3
Nf6 9. Bg5 Qa5 10. O-O-O Bd7 11. Kb1 Ng4 12. Qd2 Rc8 13. h3 Nge5 14. Nxe5 Qxe5
15. f4 Qc5 16. e5 O-O 17. Ne4 Qb6 18. exd6 Bf5 19. dxe7 Nxe7 20. Qd6 Rc6 21.
Qxe7 Re6 22. Rd6 Qb4 23. Rxe6 1-0

[Event "II Festival A"]
[Site "Fano ITA"]
[Date "2013.07.31"]
[Round "3"]
[White "Bonagura, Stefano"]
[Black "Fathi, Hassan"]
[WhiteElo "2165"]
[BlackElo "1921"]
[Result "0-1"]
[PlyCount "118"]
[EventDate "2013.07.29"]

1. c4 Nf6 2. g3 e5 3. Bg2 d6 4. Nc3 c6 5. e4 Be7 6. Nge2 O-O 7. O-O Be6 8. b3
Qc8 9. d4 Bh3 10. Ba3 Bxg2 11. Kxg2 Re8 12. Qc2 Nbd7 13. Rad1 Qc7 14. d5 c5 15.
Bc1 Nf8 16. f4 N6d7 17. f5 Bd8 18. Be3 a6 19. Qd2 h6 20. Qd3 Nh7 21. Ng1 Bg5
22. Bf2 g6 23. h4 Bf6 24. fxg6 fxg6 25. Be3 Bg7 26. Qd2 h5 27. Nf3 Rf8 28. Bg5
Qc8 29. Qd3 Ndf6 30. Ne2 Ng4 31. Neg1 Qd7 32. Nh3 Rf7 33. Bd2 Bf6 34. Nhg5 Nxg5
35. hxg5 Be7 36. Nh4 Rxf1 37. Rxf1 Kg7 38. Rf3 Rf8 39. Qf1 Rxf3 40. Qxf3 Qd8
41. Nxg6 Kxg6 42. Qf5+ Kg7 43. Kh3 Qf8 44. Kh4 Qf7 45. b4 b6 46. a4 cxb4 47.
Bxb4 Nh6 48. Qxf7+ Nxf7 49. Kxh5 Nd8 50. Bd2 Nb7 51. g6 Nc5 52. Bh6+ Kg8 53.
Kg4 Nxe4 54. Kf5 Nc5 55. Be3 Nxa4 56. Ke6 Bf8 57. Kd7 Nb2 58. Bxb6 Nxc4 59. Bc7
e4 0-1

[Event "II Festival A"]
[Site "Fano ITA"]
[Date "2013.07.31"]
[Round "3"]
[White "Brancaleoni, Maurizio"]
[Black "Di Primio, Eugenia"]
[WhiteElo "2248"]
[BlackElo "1943"]
[Result "1/2-1/2"]
[PlyCount "52"]
[EventDate "2013.07.29"]

1. Nf3 f5 2. d3 d6 3. e4 e5 4. Nc3 Nf6 5. exf5 Bxf5 6. d4 e4 7. Nh4 Bg4 8. Be2
Bxe2 9. Qxe2 d5 10. Bg5 c6 11. f3 Bb4 12. fxe4 dxe4 13. Bxf6 Qxf6 14. Qxe4+ Kd8
15. Nf3 Re8 16. Ne5 Nd7 17. O-O-O Kc7 18. Rhf1 Qg5+ 19. Kb1 Bxc3 20. Rf7 Re7
21. Rxe7 Qxe7 22. bxc3 Re8 23. Re1 Nf6 24. Qd3 Qa3 25. Qc4 Nd5 26. Rf1 Nxc3+
1/2-1/2

[Event "II Festival A"]
[Site "Fano ITA"]
[Date "2013.07.31"]
[Round "3"]
[White "Burmakin, Vladimir"]
[Black "Shytaj, Luca"]
[WhiteElo "2559"]
[BlackElo "2456"]
[Result "1/2-1/2"]
[PlyCount "21"]
[EventDate "2013.07.29"]

1. d4 Nf6 2. Nf3 e6 3. g3 c5 4. Bg2 cxd4 5. O-O d5 6. Nxd4 Be7 7. c4 O-O 8.
cxd5 Nxd5 9. Bd2 Bd7 10. Nc3 Nxc3 11. Bxc3 1/2-1/2

[Event "II Festival A"]
[Site "Fano ITA"]
[Date "2013.07.31"]
[Round "3"]
[White "Costantini, Roberto"]
[Black "Tonel, Giulia"]
[WhiteElo "2290"]
[BlackElo "1973"]
[Result "1-0"]
[PlyCount "77"]
[EventDate "2013.07.29"]

1. e4 d6 2. d4 Nf6 3. Nc3 g6 4. Be3 c6 5. Qd2 b5 6. Bd3 Nbd7 7. Nf3 Nb6 8. h3
Bb7 9. O-O Bg7 10. Ne2 O-O 11. Ng3 Re8 12. Bh6 Bh8 13. Rfe1 e5 14. dxe5 dxe5
15. b3 Nfd7 16. Be3 Nf8 17. a4 a6 18. Bxb5 cxb5 19. Qxd8 Raxd8 20. Bxb6 Rc8 21.
axb5 axb5 22. Ra7 Ba8 23. Rea1 Ne6 24. Ne1 Nf4 25. Kf1 h5 26. f3 Bc6 27. Rd1 b4
28. Kf2 Bf6 29. Nf1 Bb5 30. Ne3 Rc6 31. Ba5 Be7 32. Rdd7 Bc5 33. Rxf7 Bxa7 34.
Rxa7 Ne2 35. Nd5 Nd4 36. Nxb4 Rf6 37. Rb7 Ba6 38. Nd5 Rd6 39. Ra7 1-0

[Event "II Festival A"]
[Site "Fano ITA"]
[Date "2013.07.31"]
[Round "3"]
[White "Csonkics, Tunde"]
[Black "Rossi, Aldo A."]
[WhiteElo "2205"]
[BlackElo "2260"]
[Result "1/2-1/2"]
[PlyCount "43"]
[EventDate "2013.07.29"]

1. d4 Nf6 2. Nf3 c5 3. d5 g6 4. Nc3 d6 5. e4 Nbd7 6. Be2 Bg7 7. O-O O-O 8. a4
a6 9. a5 b5 10. axb6 Nxb6 11. Nd2 Ne8 12. Na4 Nxa4 13. Rxa4 a5 14. Nc4 Bd7 15.
Ra3 Bb5 16. Ne3 Nc7 17. c3 Bxe2 18. Qxe2 Qd7 19. Nc4 Qb5 20. Re1 a4 21. Ra1
Rfb8 22. Bg5 1/2-1/2

[Event "II Festival A"]
[Site "Fano ITA"]
[Date "2013.07.31"]
[Round "3"]
[White "Gambardella, Piero"]
[Black "Lavorgna, Giovanni"]
[WhiteElo "1992"]
[BlackElo "2060"]
[Result "1/2-1/2"]
[PlyCount "96"]
[EventDate "2013.07.29"]

1. d4 Nf6 2. c4 g6 3. Nc3 d5 4. Nf3 Bg7 5. Bg5 Ne4 6. cxd5 Nxc3 7. bxc3 Qxd5 8.
Qb3 Be6 9. Qxd5 Bxd5 10. e3 e5 11. Be2 Nc6 12. O-O O-O 13. Rab1 Rfe8 14. Rb5
Be4 15. d5 Ne7 16. c4 f6 17. Bh4 c6 18. Rxb7 cxd5 19. Nd2 Nf5 20. Bg3 Nxg3 21.
hxg3 Reb8 22. Rxb8+ Rxb8 23. Nxe4 dxe4 24. c5 Kf8 25. c6 Rc8 26. Rc1 Ke7 27.
Ba6 Rc7 28. Bb7 Kd6 29. Rc4 f5 30. Ra4 Kc5 31. Rxa7 Kb6 32. Ra3 Bf8 33. Rb3+
Ka7 34. Kf1 Bd6 35. Ke2 Rf7 36. Rc3 Bc7 37. Rc4 Kb6 38. Rc2 Rf8 39. Rd2 Rd8 40.
Rb2+ Ka7 41. Rb3 Rd6 42. f3 exf3+ 43. gxf3 g5 44. Rd3 h5 45. Rxd6 Bxd6 46. Bc8
f4 47. exf4 exf4 48. gxf4 Bxf4 1/2-1/2

[Event "II Festival A"]
[Site "Fano ITA"]
[Date "2013.07.03"]
[Round "3"]
[White "Klimentov, Evgeny"]
[Black "Ivanisevic, Ivan"]
[WhiteElo "2006"]
[BlackElo "2649"]
[Result "0-1"]
[PlyCount "74"]
[EventDate "2013.07.29"]

1. e4 c5 2. Nf3 d6 3. d4 Nf6 4. Nc3 cxd4 5. Nxd4 Bd7 6. Be2 e5 7. Nb3 Bc6 8.
Bg5 Nbd7 9. Bg4 Qc7 10. Nd5 Bxd5 11. Bxd7+ Qxd7 12. exd5 Ne4 13. Be3 Qb5 14. a4
Qc4 15. Na5 Qb4+ 16. Bd2 Qd4 17. Be3 Qxb2 18. O-O Qb4 19. Qd3 Qxa5 20. Qxe4 Be7
21. f4 O-O 22. f5 Bf6 23. Rf3 Rfc8 24. c4 Qb4 25. Rc1 Qxa4 26. g4 b5 27. g5 Bd8
28. f6 Rxc4 29. Rxc4 Qxc4 30. Qf5 Bb6 31. Bf2 g6 32. Qh3 Qc1+ 33. Kg2 Qxg5+ 34.
Bg3 h5 35. Qd7 Rd8 36. Qh3 b4 37. Kh1 b3 0-1

[Event "II Festival A"]
[Site "Fano ITA"]
[Date "2013.07.01"]
[Round "3"]
[White "Lantini, Marco"]
[Black "Der Manuelian, Haik O."]
[WhiteElo "2119"]
[BlackElo "2007"]
[Result "0-1"]
[PlyCount "80"]
[EventDate "2013.07.29"]

1. d4 d5 2. c4 c6 3. Nf3 Nf6 4. e3 Bf5 5. Nc3 e6 6. Nh4 Be4 7. f3 Bg6 8. Nxg6
hxg6 9. Qb3 Qb6 10. c5 Qc7 11. Bd2 Nbd7 12. Rc1 Rb8 13. g3 e5 14. Bg2 e4 15.
O-O exf3 16. Bxf3 Nh5 17. Be1 f5 18. g4 fxg4 19. Bxg4 Qd8 20. Rc2 Ndf6 21. Bh3
Nf4 22. exf4 Rxh3 23. Bg3 Nh5 24. Re1+ Kf7 25. Ne4 Be7 26. Nf2 Nxg3 27. Nxh3
Nf5 28. Qd3 Bf6 29. Re5 Bxe5 30. fxe5 Qh4 31. Rf2 Rh8 32. Kg2 Ke8 33. Rf4 Qe1
34. Nf2 Kd8 35. Rxf5 gxf5 36. Qxf5 Qd2 37. Qg6 Qh6 38. Qd6+ Qxd6 39. cxd6 Rh4
40. Kf3 Rxd4 0-1

[Event "II Festival A"]
[Site "Fano ITA"]
[Date "2013.07.31"]
[Round "3"]
[White "Panella, Fiammetta"]
[Black "Rindlisbacher, Lars"]
[WhiteElo "2050"]
[BlackElo "2315"]
[Result "0-1"]
[PlyCount "78"]
[EventDate "2013.07.29"]

1. e4 e5 2. Nf3 Nc6 3. Bb5 a6 4. Ba4 Nf6 5. O-O Be7 6. Qe2 b5 7. Bb3 O-O 8. c3
d5 9. d3 dxe4 10. dxe4 Bd6 11. h3 h6 12. a4 Na5 13. Bc2 Be6 14. Nbd2 c6 15. Rd1
Qc7 16. b4 Nc4 17. Bb3 Nxd2 18. Nxd2 Qe7 19. Bxe6 Qxe6 20. Nf1 Rfd8 21. Ng3 Bf8
22. Be3 Qb3 23. axb5 axb5 24. Rxa8 Rxa8 25. Qd3 g6 26. Rb1 Qe6 27. Rd1 Kh7 28.
Kh2 Be7 29. Bc5 Rd8 30. Qe2 Rxd1 31. Qxd1 Bxc5 32. bxc5 Nd7 33. Qd6 Qxd6 34.
cxd6 Kg7 35. f4 exf4 36. Ne2 Kf6 37. Nd4 c5 38. Nxb5 Ke5 39. Kg1 Kxe4 0-1

[Event "II Festival A"]
[Site "Fano ITA"]
[Date "2013.07.31"]
[Round "3"]
[White "Prohaszka, Peter"]
[Black "Caprio, Guido"]
[WhiteElo "2554"]
[BlackElo "2415"]
[Result "1-0"]
[PlyCount "38"]
[EventDate "2013.07.29"]

1. Nf3 d5 2. g3 Bg4 3. Bg2 c6 4. c4 e6 5. O-O Nf6 6. d3 dxc4 7. dxc4 Nbd7 8.
Nc3 Be7 9. h3 Bh5 10. Bf4 O-O 11. Qc1 h6 12. b3 Bg6 13. Rd1 Qb6 14. Qb2 Rfd8
15. Be3 Qa5 16. a3 Qa6 17. Nd2 Bc5 18. Nf1 Be7 19. Nd2 Ne5 1-0

[Event "II Festival A"]
[Site "Fano ITA"]
[Date "2013.07.31"]
[Round "3"]
[White "Rago, Riccardo"]
[Black "Difronzo, Andrea"]
[WhiteElo "2084"]
[BlackElo "1943"]
[Result "1/2-1/2"]
[PlyCount "34"]
[EventDate "2013.07.29"]

1. e4 c5 2. Nf3 g6 3. c3 Bg7 4. d4 cxd4 5. cxd4 d5 6. e5 Nc6 7. Nc3 Bg4 8. Bb5
e6 9. h3 Bxf3 10. Qxf3 Nge7 11. O-O O-O 12. Be3 Rc8 13. Qd1 a6 14. Bxc6 Rxc6
15. Rc1 Nf5 16. Qd2 Nxe3 17. fxe3 Qg5 1/2-1/2

[Event "II Festival A"]
[Site "Fano ITA"]
[Date "2013.07.31"]
[Round "3"]
[White "Rebeggiani, Andrea"]
[Black "Klimentov, Roman"]
[WhiteElo "1910"]
[BlackElo "2219"]
[Result "1/2-1/2"]
[PlyCount "82"]
[EventDate "2013.07.29"]

1. d4 Nf6 2. Bf4 e6 3. e3 c5 4. c3 Nc6 5. Nd2 cxd4 6. exd4 Be7 7. Ngf3 O-O 8.
Bd3 Nh5 9. Be3 f5 10. Nc4 d6 11. a4 Nf6 12. O-O Nd5 13. Bd2 Bd7 14. Re1 Qc7 15.
Ne3 Nf4 16. Bf1 d5 17. Nc2 Ng6 18. Ng5 Rf6 19. Qh5 h6 20. Nh3 Bd6 21. g3 Raf8
22. f4 Na5 23. Qe2 Qb6 24. b4 Nb3 25. a5 Qc7 26. Ra3 Nxd2 27. Qxd2 Ne7 28. Nf2
g5 29. Nd3 gxf4 30. gxf4 Ng6 31. Ne5 Nxe5 32. dxe5 Rg6+ 33. Kh1 Be7 34. Nd4 Kh7
35. Be2 Bh4 36. Rf1 Rfg8 37. Bf3 Rc8 38. Bh5 Rg7 39. Rg1 Rxg1+ 40. Kxg1 Rg8+
41. Kh1 Be8 1/2-1/2

[Event "II Festival A"]
[Site "Fano ITA"]
[Date "2013.07.31"]
[Round "3"]
[White "Rizzardi, Franco"]
[Black "Gromovs, Sergejs"]
[WhiteElo "2027"]
[BlackElo "2202"]
[Result "0-1"]
[PlyCount "121"]
[EventDate "2013.07.29"]

1. e4 c5 2. Nf3 Nc6 3. d4 cxd4 4. Nxd4 Nf6 5. Nc3 d6 6. Bc4 Qb6 7. Nb3 a6 8. h3
e6 9. Be3 Qc7 10. a4 b6 11. O-O Be7 12. f4 O-O 13. Qe2 Bb7 14. Nd2 Nb4 15. Bb3
d5 16. e5 Nd7 17. Nf3 Nc5 18. Kh1 Nxb3 19. cxb3 Bc5 20. Nd4 Nc6 21. Rad1 Bxd4
22. Bxd4 Nxd4 23. Rxd4 Qc5 24. Rfd1 f6 25. b4 Qc7 26. Qg4 Rae8 27. exf6 Rxf6
28. Re1 Qf7 29. Re5 Rf8 30. g3 h6 31. h4 Rc8 32. Kh2 Rc4 33. Qd1 Qc7 34. Qd3
Rxd4 35. Qxd4 Qc6 36. g4 a5 37. g5 hxg5 38. hxg5 Rf5 39. b5 Qe8 40. Rxf5 exf5
41. Qxb6 Qh5+ 42. Kg1 Qg4+ 43. Kf1 Qxf4+ 44. Ke1 Qg3+ 45. Kd1 Qf3+ 46. Ke1 d4
47. Qxd4 Kh7 48. Ne2 Be4 49. Qd2 Qh5 50. Kf2 Qh4+ 51. Kf1 Bf3 52. Ng1 Qc4+ 53.
Kf2 Bd5 54. Ne2 Qh4+ 55. Kg1 Bf3 56. g6+ Kxg6 57. Nf4+ Kh7 58. Ne6 Qh1+ 59. Kf2
Qh2+ 60. Ke3 Qh6+ 61. Kd3 0-1

[Event "II Festival A"]
[Site "Fano ITA"]
[Date "2013.07.31"]
[Round "3"]
[White "Simonetto, Adriano"]
[Black "Ambartsumova, Karina"]
[WhiteElo "2026"]
[BlackElo "2306"]
[Result "1/2-1/2"]
[PlyCount "84"]
[EventDate "2013.07.29"]

1. d4 Nf6 2. c4 e6 3. Nc3 Bb4 4. Qc2 O-O 5. a3 Bxc3+ 6. Qxc3 d5 7. Bg5 c5 8.
dxc5 d4 9. Qd2 e5 10. g3 h6 11. Bxf6 Qxf6 12. Bg2 a5 13. Nh3 Nc6 14. O-O a4 15.
f4 Qe7 16. fxe5 Qxc5 17. Nf4 Nxe5 18. Nd3 Nxc4 19. Nxc5 Nxd2 20. Rfd1 Ra5 21.
Rxd2 Rxc5 22. Rxd4 Rc2 23. Kf2 b5 24. Rb4 Re8 25. Be4 Rc5 26. Bd3 Bd7 27. Rd1
Bc6 28. Rd2 Kf8 29. Rc2 Rxc2 30. Bxc2 Re5 31. Bd3 Ke7 32. Rd4 g5 33. h4 f6 34.
e3 Rc5 35. Ke2 Rc1 36. hxg5 fxg5 37. Rb4 Rg1 38. g4 Rg2+ 39. Kf1 Rg3 40. Kf2
Rg2+ 41. Kf1 Rg3 42. Kf2 Rg2+ 1/2-1/2

[Event "II Festival A"]
[Site "Fano ITA"]
[Date "2013.07.31"]
[Round "3"]
[White "Stella, Andrea"]
[Black "Solodovnichenko, Yuri"]
[WhiteElo "2447"]
[BlackElo "2555"]
[Result "1/2-1/2"]
[PlyCount "35"]
[EventDate "2013.07.29"]

1. Nf3 d5 2. c4 e6 3. g3 dxc4 4. Qa4+ Nd7 5. Bg2 a6 6. Qxc4 b5 7. Qc2 Bb7 8.
O-O c5 9. d3 Rc8 10. a4 Qb6 11. axb5 axb5 12. Bf4 Ngf6 13. Nc3 Be7 14. Qb3 b4
15. Na4 Qb5 16. Nc3 Qb6 17. Na4 Qb5 18. Nc3 1/2-1/2